<?xml version="1.0" encoding="UTF-8"?><?xml-stylesheet type="text/xsl" href="static/style.xsl"?><OAI-PMH xmlns="http://www.openarchives.org/OAI/2.0/" xmlns:xsi="http://www.w3.org/2001/XMLSchema-instance" xsi:schemaLocation="http://www.openarchives.org/OAI/2.0/ http://www.openarchives.org/OAI/2.0/OAI-PMH.xsd"><responseDate>2026-04-14T18:32:14Z</responseDate><request verb="GetRecord" identifier="oai:uvadoc.uva.es:10324/6802" metadataPrefix="marc">https://uvadoc.uva.es/oai/request</request><GetRecord><record><header><identifier>oai:uvadoc.uva.es:10324/6802</identifier><datestamp>2025-02-19T08:38:12Z</datestamp><setSpec>com_10324_38</setSpec><setSpec>col_10324_852</setSpec></header><metadata><record xmlns="http://www.loc.gov/MARC21/slim" xmlns:doc="http://www.lyncode.com/xoai" xmlns:xsi="http://www.w3.org/2001/XMLSchema-instance" xmlns:dcterms="http://purl.org/dc/terms/" xsi:schemaLocation="http://www.loc.gov/MARC21/slim http://www.loc.gov/standards/marcxml/schema/MARC21slim.xsd">
<leader>00925njm 22002777a 4500</leader>
<datafield tag="042" ind1=" " ind2=" ">
<subfield code="a">dc</subfield>
</datafield>
<datafield tag="720" ind1=" " ind2=" ">
<subfield code="a">Gutiérrez Diego, Belén</subfield>
<subfield code="e">author</subfield>
</datafield>
<datafield tag="260" ind1=" " ind2=" ">
<subfield code="c">2014</subfield>
</datafield>
<datafield tag="520" ind1=" " ind2=" ">
<subfield code="a">Mediante este trabajo se pretende dar a conocer un recurso de carácter social, los centros de día para la atención a la infancia y la adolescencia de Cantabria. A través de este documento podremos conocer cuál es el servicio que ofrecen los centros de día de infancia y adolescencia, cuáles son los objetivos que se pretenden conseguir a través del trabajo que realizan los profesionales, las características de la población destinataria de estos centros, los recursos tanto humanos como materiales que debe tener un centro de día para ofrecer un servicio adecuado y los principales programas de intervención que se llevan a cabo con los menores.</subfield>
</datafield>
<datafield tag="024" ind2=" " ind1="8">
<subfield code="a">http://uvadoc.uva.es/handle/10324/6802</subfield>
</datafield>
<datafield ind1=" " ind2=" " tag="653">
<subfield code="a">Intervención social</subfield>
</datafield>
<datafield tag="245" ind1="0" ind2="0">
<subfield code="a">Los centros de día para la atención a la infancia y la adolescencia: un recurso para la intervanción psicosocial</subfield>
</datafield>
</record></metadata></record></GetRecord></OAI-PMH>